[Event "Match 81__120'/40"]
[Site "Zürich"]
[Date "2025.??.??"]
[Round "31"]
[White "Scorpio 68000 sel. 4"]
[Black "Fidelity Excel Mach III"]
[Result "1-0"]
[Annotator "Utzinger,K"]
[WhiteElo "2043"]
[BlackElo "2020"]
[PlyCount "106"]
[EventDate "2025.??.??"]

{[%evp 0,106,25,-69,-55,-82,-77,-65,-64,-57,-73,-97,-68,-78,-63,-86,-20,-22,-10,-6,-4,-4,25,-63,-77,-77,-77,-158,-14,-14,23,-8,42,42,42,47,127,189,187,44,332,348,350,393,493,496,511,487,465,464,502,506,501,499,499,506,514,528,534,524,583,584,609,631,609,495,597,555,575,597,610,652,677,709,715,594,690,558,560,570,595,595,612,507,886,779,835,522,696,578,679,686,821,837,852,916,1122,1162,1191,1319,1378,1388,1838,1647,1608,1597,28617,28711,29981]} 1. g4 {Grob's Flankenspiel. Dieser von Ahlhausen herrührende, neuerdings von Grob in Theorie und Praxis propagierte Zug, ist im Hinblick auf die Schwächung des Königsflügels kaum zu empfehlen. Namentlich bei einem Vergleich mit 1.g3 treten die Schattenseiten des Zuges 1.g4 deutlich hervor: der Bauer g4 ist verletzbar und die Felder f4 und h4 werden geschwächt. Folglich kommt die kurze Rochade praktisch nicht mehr in Frage, was u.E. ein schwerwiegender Nachteil ist, weil der König nun einmal meistens am Königsflügel am sichersten Unterkunft findet (Dr. Max Euwe, "Theorie der Schacheröffnungen"). Ich glaube, dass dies eine gute Stellung ist, um das Buch zu beenden. In den meisten Eröffnungsbüchern würde dieser Zug nicht einmal erwähnt werden, und andere verwenden es als Beispiel, wie man nicht spielen sollte. Aber wie ich hoffentlich demonstriert habe, wird der Vorstoss g4 laufend gespielt, im Sizilianischen, Halbslawischen oder Englischen. Daher können wir eine solche Eröffnung nicht rundweg verdammen. Trotz allem scheint g4 in dieser speziellen Position den Kern der Sache zu verfehlen (Sam Collins: "Schacheröffnungen richtig verstehen"). Dass der zurzeit noch immer weltbeste Spieler Magnus Carlsen in 11 Blitzpartien mit 1. g4 total 10,5 Punkte geholt hat, spricht nicht gegen die oben erwähnten Aussagen. Aufgrund diverser Quellen haben Versuche mit Computer ergeben, dass 1.g4 mehr oder weniger zum Resultat 0-1 führen. Es ist deshalb interessant zu sehen, wie die heutigen Schachprogramme Grob's Angriff 1.g4 bewerten, wobei alle als Bestzug 1...d5 vorsehen: Berserk 13: -/+ (-1.28) (21% +1% =30% -60%) Depth: 40/60 || Deep HIARCS 15.3.1: =/+ (-0.62) Depth: 30/56 || Deep Shredder 13 x64: =/+ (-0.58 ++) Depth: 34/55 || Integral v7.0.0: -+ (-1.84) Depth: 40/66 || Koivisto 8.0: -+ (-2.08) Depth: 38/71 || Obsidian 16.0:-/+ (-1.34) Depth: 39 || PlentyChess 6.0.0: -/+ (-1.03) Depth: 42/69 || Rems M-091224 Rand Op MPV=4: -/+ (-1.29) (14% +0% =28% -72%) Depth: 40/63 || Stockfish 17.1: -/+ (-1.37) (11% +0% =21% -79%) Depth: 40/75 Die konventionellen Engines sehen nur geringen Vorteil für Schwarz. Die modernen Engines mit neuralen Netzen sehen Schwarz im Vorteil mit zwischen minimal -1.03 und maximal -2.08, also mit bereits gewinnverheissendem Vorteil. || Die Eröffnung 1.g4 hat der Mach III nicht in seinem Buch und ist deshalb ab Partiebeginn auf sich alleine gestellt.} d5 {Match 120'/40 | Bediener: Rolf Bühler | Kommentator: Kurt Utzinger | 31. Partie: Weiss (Scorpio) gewinnt | Zwischenstand: 17½-13½ (56,4%) für Mach III | Stand hypothetisch: 16-15 (51,6%) für Mach III | Eröffnung: Grob's Angriff, 1.g4 | Buchzüge: 2 von Scorpio, 0 von Mach III | Partieverlauf: In einem komplizierten Mittelspiel verlieren beide Programme den Überblick. Dabei hat der Scorpio 68000 sel. 4 Glück, dass der Mach III seine ihm mit 13.Se5? gebotene Gewinnchance nicht nutzen konnte. Später erweist sich eine angebliche Gewinnfortsetzung des Mach III als Bumerang. Der leichte schwarze Materialvorteil (L+B vs T) war kein echter, denn der auf a1 eingesperrte Springer musste am Ende sein Leben lassen. Ein wichtiger, wenn auch nicht ganz unverdienter Sieg des Scorpio 68000 sel. 4, um nicht noch weiter in Rückenlage zu geraten.} 2. Bg2 {***ENDE BUCH*** In meinem Testmatch, Partien siehe unten, haben beide Top-Programme 2.e3 geantwortet und verloren. Ich habe aber auch noch die Fortsetzungen 2.Lg2 und 2.Lg2 c6 getestet.} (2. e3 Nc6 3. d4 e5 4. Nc3 Be6 5. dxe5 Nxe5 6. h3 h5 7. Nf3 Nxf3+ 8. Qxf3 hxg4 9. hxg4 Bxg4 10. Qg2 Rxh1 11. Qxh1 Nf6 12. Bd2 Qd6 13. Qg2 O-O-O 14. f3 Bd7 15. O-O-O g6 16. Nb5 Qc5 17. Nd4 Qb6 18. Qh2 Re8 19. Kb1 a6 20. Nb3 Kb8 21. Qh4 Be7 22. Qe1 Bd6 23. Qh4 Be7 24. Qf4 Be6 25. Qh2 Bb4 26. Bc1 Bd6 27. Qh6 Nh5 28. Bd3 Bf8 29. Qg5 c5 30. Be2 Be7 31. Qg2 Ka7 32. e4 d4 33. f4 Nf6 34. Ka1 Rc8 35. Bf3 Rd8 36. Nd2 Qc7 37. Nb1 Ne8 38. Qf2 Nd6 39. Na3 Rd7 40. Qg2 Bd8 41. Nb1 Qb6 42. Qe2 Nb5 43. Qe1 f6 44. Qf2 g5 45. Qg1 Nd6 46. fxg5 fxg5 47. Bg4 Nf7 48. Bf5 Bxf5 49. exf5 Rd5 50. Qg4 Qc6 51. Rf1 Nh6 52. Qh3 Qf6 53. Nd2 Rxf5 54. Rh1 g4 55. Qg2 Qg6 56. Kb1 Nf7 57. a3 Ne5 58. Qd5 Qc6 {0-1 (58) Stockfish 17.1-Rems M-091224-avx2 Grob's Angriff 1.g4, 120'/40 2025 Fritz Engine Tournament [-1.26;-1.30]}) 2... Bxg4 {Das vorzeitige Schlagen auf g4 wirf schwere Probleme auf (Henry Grob: "Grob's Angriff", 10. Abspiel)} 3. c4 c6 4. cxd5 (4. Qb3 e6 {Grob erwähnt nur 4...Dc7, was schwächer ist.} 5. cxd5 (5. Qxb7 Nd7 6. Nc3 Ne7 $17 7. cxd5 exd5 8. d4 Rb8 9. Qa6 Rb6 (9... h6 10. Nf3 Rb6 11. Qxa7 Ng6 12. Qa4 Bb4 13. a3 Bd6 14. Ne5 Bxe5 15. dxe5 Be6 16. O-O Nh4 17. Qf4 Rb3 18. a4 Nxg2 19. Kxg2 g5 20. Qd2 Rb4 21. f3 Rh4 22. Kh1 Nxe5 23. a5 Qc7 24. Rf2 d4 25. Ne4 f5 26. Nc5 Bd5 27. Kg1 O-O 28. Ra4 Ng4 29. Rxd4 Nxf2 30. Rxh4 gxh4 31. Qxh6 Nd1 32. Kf1 f4 33. a6 Ne3+ 34. Bxe3 fxe3 35. Qxe3 Qg7 36. Ne4 Qe7 37. Qg1+ Kh7 38. Nd2 Re8 39. Qf2 c5 40. Qe1 Kg8 41. e4 Qg5 42. Kf2 Bf7 43. e5 Qxe5 44. Qxe5 Rxe5 45. f4 Re6 {0-1 (45) Berserk 13-Stockfish 17.1 Grob's Attack, 1.g4 d5 2.Lg2, 40/40 2025}) 10. Qd3 Ng6 11. h3 Be6 12. Nf3 h6 13. h4 Bd6 14. Bh3 Bxh3 15. Rxh3 O-O 16. Rh1 Qf6 17. h5 Ne7 18. b3 c5 19. dxc5 Nxc5 20. Qd4 Qf5 21. Kf1 Rfb8 22. Be3 Rb4 23. Qd2 Rd8 24. Rd1 Ne6 25. Qd3 Qf6 26. Nb5 Re4 27. Bd4 Nxd4 28. Nbxd4 Bc5 29. Rh3 Bb6 30. Rd2 Rf8 31. Rg3 Rc8 32. e3 Bxd4 33. Nxd4 Qh4 34. Rc2 Re8 35. Kg1 Qxh5 36. Qe2 Qe5 37. Qf3 Rf8 38. b4 Kh7 39. Qg2 Rb8 40. a3 Rb6 41. b5 Rg6 42. Kf1 Qd6 43. Rc3 Qb6 44. Rxg6 fxg6 45. Qf3 Qa5 46. Rd3 Qc7 47. Ke2 Ng8 48. Qg3 Qc5 49. f3 Re8 50. Qe1 Nf6 51. Qc3 Qd6 52. Kd1 Qh2 53. a4 Qg2 54. Qc7 h5 55. Qc2 Qg1+ 56. Kd2 Qg3 57. Kc1 h4 58. Kb2 Nd7 59. f4 Nb6 60. Ne2 Qh3 61. e4 Qg4 62. Nc3 dxe4 63. Rd4 e3 64. Ne2 h3 65. f5 Qxf5 66. Qxf5 gxf5 67. Rh4+ Kg8 68. a5 Nd5 69. Rxh3 Re4 70. Kc2 Rb4 71. b6 axb6 72. axb6 g6 73. b7 Rxb7 74. Rh1 Rb6 75. Ra1 Kf7 {0-1 (75) Stockfish 17.1-Berserk 13 Grob's Attack, 1.g4 d5 2.Lg2, 40/40 2025}) 5... exd5 6. Qxb7 Nd7 7. Nc3 Rc8 8. d4 Bd6 {0-1 (50) Nakamura,H (2802)-Kramnik,V (2753) Chess.com INT 2024}) 4... Nf6 {Noch stärker war 4...cxd5.} (4... cxd5 5. Qb3 Nf6 6. Nc3 e6 7. h3 Bh5 8. Qxb7 Nbd7 9. Nb5 Rc8 10. Nf3 Bc5 {-+ (-2.07) (1% +0% =2% -98%) Depth 53}) 5. dxc6 Nxc6 6. h3 Bd7 {Der Rückzug nach f5 verdient den Vorzug.} 7. d4 e6 $11 {Nur mit dem energischen 7...e5 konnte Schwarz noch auf Vorteil hoffen.} 8. Nc3 Be7 9. Nf3 O-O 10. e4 Qa5 $11 11. d5 $2 {-1.15(18%)/50 Verlockend, aber schlecht. Weiss hätte rochieren sollen.} exd5 12. exd5 Nb4 {Erobert den Bauer auf d5, aber stärker ist:} (12... Rad8 $1 13. dxc6 Bxh3 14. Qxd8 Rxd8 15. Bxh3 bxc6 {-/+ (-1.35) (7%) Depth: 46/85}) {[#]} 13. Ne5 $2 $19 {[%mdl 32768] Ein ***VERLUSTZUG***, der die ungünstige weisse Stellung wesentlich verschlechtert. -+ (-3.66) (0%) Depth: 41/69} Ba4 $2 $11 {Schwarz gibt das erhaltene Geschenk umgehend zurück.} (13... Bb5 $1 {verhindert die gegnerische Rochade und gewinnt, z.B.} 14. a3 (14. Nxb5 Nc2+ 15. Ke2 Qxb5+ 16. Qd3 Qxd3+ 17. Nxd3 Nxa1 $19) 14... Bd6 15. axb4 Qxa1 16. Nxb5 Bxe5 $19) 14. Nc4 $2 $15 {Erneut findet Weiss nicht die beste Entgegnung.} (14. Qxa4 Qxa4 15. Nxa4 Nc2+ 16. Kd2 Nxa1 17. Kd3 Rad8 18. Nc3 Bb4 19. Be3 Bxc3 20. bxc3 Nxd5 21. Bxd5 Rxd5+ 22. Bd4 f6 $19 {und der schwarze Springer a1 muss sein Leben lassen.} 23. Nc4 Rh5 24. h4 b5 25. Ne3 Rd8 26. Rxa1 Rxh4 27. Rb1 Rh5 $11) 14... Bxd1 {besser ist} (14... Qc7 15. b3 Rad8 16. Nxa4 Nbxd5 17. O-O $1 (17. Nab2 $2 Bb4+ 18. Kf1 (18. Nd2 Rfe8+ 19. Kf1 Ne3+ 20. fxe3 Rxe3 $19) 18... b5 $19) 17... b5 18. Qe2 bxa4 $15) 15. Nxa5 {[#]} Nc2+ $2 {[%mdl 2] ***VERLUSTZUG***, aber viel zu tief für den Mach III.} (15... Bh5 16. O-O Rad8 17. Nxb7 Rd7 18. d6 Bxd6 19. Nxd6 Rxd6 20. Be3 Rd7 $11) 16. Kxd1 Nxa1 {Diesen Springer wird Weiss noch erobern und dann entscheidend materiellen Vorteil haben. So etwas können unsere Schätze nicht erkennen.} 17. Nxb7 Ne8 18. Bf4 {+- (4.17) (100%)} Rc8 19. d6 $2 {Vergibt einen grossen Teil seines Vorteils.} (19. Kc1 Bf6 20. Kb1 Bxc3 21. bxc3 Rxc3 22. Kxa1 $18) {[#]} 19... Bf6 $2 $18 {[%mdl 2] ***VERLUSTZUG*** Der Mach III ist erneut nicht auf der Höhe und verkennt, dass der Bauer einfach geschlagen werden darf, weil Weiss wegen seines Königs auf der d-Linie in eine Fesslung gerät.} (19... Nxd6 20. Nxd6 Bxd6 21. Bxd6 Rfd8 22. Ke2 Rxd6 23. Rxa1 {und Weiss müsste für den Sieg noch lange kämpfen.}) 20. d7 Rc4 21. Nd5 (21. dxe8=Q Rxe8 22. Bd2 {gewinnt ebenfalls}) 21... Rxf4 {Auch andere Züge retten nicht mehr.} 22. Nxf4 Nc7 23. Kd2 Bg5 24. Kd3 Bxf4 25. d8=Q Rxd8+ 26. Nxd8 Bg5 27. Nc6 Ne6 28. Rxa1 Nf4+ 29. Kc2 Nxg2 30. Rg1 Nf4 31. Rxg5 {Mit einem Mehrturm für Weiss ist der Fall sonnenklar.} Nxh3 32. Rf5 a6 33. Ne5 f6 34. Nd3 Kf7 35. Ra5 g5 36. Rxa6 h5 37. b3 h4 38. a4 Ng1 39. Ra7+ Kg6 40. Ra8 h3 41. Nf4+ Kh7 42. Ra7+ Kh6 43. Ne6 g4 44. Ra8 Kg6 45. Rh8 Nf3 46. a5 {Matt in 20 brüllt meine Engine.} Ne5 47. Nd4 Kg5 48. a6 Nd7 49. a7 Nb6 50. Ne2 h2 51. Rxh2 g3 52. Nxg3 Kg4 53. Rh8 f5 {***AUFGEGEBEN***} 1-0

[Event "Match 81__120'/40"]
[Site "Zürich"]
[Date "2025.??.??"]
[Round "32"]
[White "Fidelity Excel Mach III"]
[Black "Scorpio 68000 sel. 4"]
[Result "1-0"]
[Annotator "Utzinger,K"]
[WhiteElo "2020"]
[BlackElo "2043"]
[PlyCount "108"]
[EventDate "2025.??.??"]

{[%evp 0,108,25,16,38,42,36,58,61,68,67,80,53,64,57,44,65,27,24,41,39,72,56,73,69,64,87,81,86,60,80,116,190,149,149,137,258,257,263,246,276,188,273,273,276,273,273,274,270,258,258,258,298,247,252,246,241,242,233,165,187,175,230,216,252,238,245,238,251,249,252,253,256,230,283,239,367,397,407,419,431,431,462,465,511,541,615,638,662,680,712,681,730,762,771,767,766,822,921,818,890,937,935,942,1052,1125,1223,1384,2046,1373,1455]} 1. e4 d5 {Match 120'/40 | Bediener: Rolf Bühler | Kommentator: Kurt Utzinger | 32. Partie: Weiss (Mach) gewinnt | Zwischenstand: 18½-13½ (57,8%) für Mach III | Stand hypothetisch: 17-15 (53,1%) für Mach III | Eröffnung: Skandinavisch, 2...Sf6 | Buchzüge: 11 von Scorpio, 12 von Mach III | Partieverlauf: Der Scorpio 68000 sel. 4 unterlässt nach Buchende den wichtigen und ihn stark entlastenden Damentausch. Das bringt ihn in grosse Schwierigkeiten. Weiss geht mit 14.Sc3? an seinem Glück vorbei. Doch nach der schwachen Antwort 14...0-0? erhält der Mach III eine gewonnene Stellung, erobert bald einen Bauern und lässt gar nichts mehr anbrennen. Und erneut hat das amerikanische Programm von Kathe & Dan Spracklen einen 5 Punkte Vorsprung im Match.} 2. exd5 Nf6 3. d4 Nxd5 4. c4 Nb6 5. Nf3 Bg4 (5... g6 {ist populärer und auch die von den Engines favorisierte Fortsetzung.}) 6. Be2 {Heute hat 6.c5 dem Textzug den Rang abgelaufen.} (6. c5 N6d7 7. Be2 e6 8. h3 Bxf3 9. Bxf3 c6 10. Nc3 $16) 6... e6 7. O-O Nc6 8. b3 Bxf3 9. Bxf3 Nxd4 10. Bxb7 Rb8 11. Be3 Rxb7 {***ENDE BUCH*** Stockfish 17.1 Bewertung: +/= (0.38) (53%) Depth: 41/24} 12. Qxd4 {***ENDE BUCH*** Stockfisch 17.1 Bewertung: = (0.10) (50%) Depth: 41/53} (12. Bxd4 $14 {ist ebenfalls gut möglich.}) 12... Be7 $2 {Für Schwarz brächte der Damentausch eine echte Entlastung.} (12... Qxd4 13. Bxd4 c5 14. Be3 ({zu} 14. Bc3 $5 {was auf g7 drückt und ...a5 verhindert, habe ich keine Partien gefunden.}) 14... Be7 15. Nc3 {nach d2 ist gleichwertig} Kd7 $1 {besser als die Rochade, wo der König weniger aktiv steht.} 16. Rad1+ $11) 13. Qe4 $16 {Nun steht schon klar und deutlich besser. Die Bewertung von Rems M-091224 Random Op. MPV=4: +/- (1.42 ++) (93% +87% =13% -0%) Depth: 49/73 deutet bereits einen weissen Sieg an.} Qc8 (13... Rb8 {löst die schwarzen Probleme nicht.} 14. Nc3 Qc8 15. Qc6+ Qd7 16. Qf3 O-O 17. Rad1 {+- 2.36(100%)/45 und es wird Schwarz schwerfallen, die Stellung noch zu halten.}) 14. Nc3 $2 {Schon fast entscheidender Vorteil war mit 14.Dc6+ zu erlangen. Schwarz ist aber auch jetzt noch nicht aus dem Schneider und darf sich keine Ungenauigkeiten mehr leisten.} (14. Qc6+ Nd7 15. Rd1 Bf6 16. Nc3 Bxc3 17. Rac1 Be5 18. Rxd7 Qxd7 19. Qxb7 O-O 20. Qxa7 Rd8 21. g3 {+/- 1.70(99%)/43 und Schwarz wird hart um das Remis kämpfen müssen.}) {[#]} 14... O-O $2 $18 {[%mdl 2] Dies ***VERLIERT***, weil Schwarz die verfügbare Verteidigung mit 14...c6 oder 14...c5 verpasst.} (14... c6 15. Qf3 Nd7 16. Rad1 f5 17. Rfe1 Ne5 18. Qe2 Ng6 19. c5 $14 {+= 0.61(57%)/49}) (14... c5 15. Rad1 O-O 16. h4 $14 {+= 0.66(59%)/49}) 15. c5 $18 {+- 2.71(100%)/46} Bf6 {Noch am besten.} (15... Na8 16. Qc6 Bf6 17. Rac1 Rb8 18. Rfd1 Qe8 (18... h6 19. Ne4 $18) 19. Qa6 {+- 3.11(100%)/49}) 16. cxb6 Bxc3 17. Rac1 Bb2 18. Rc2 Ba3 19. bxa7 {Bei überwältigender Stellung hat Weiss einen Bauern mehr, postulieren die Engines. Für unsere Oldies liegen klar gewinnbringende Varianten natürlich weit ausserhalb ihrer Möglichkeiten.} Rd8 20. Bg5 {Es geht noch stärker.} ({Rems M-091224-bmi2:} 20. Qa4 {+- 4.82(100%)/46} Bd6 21. Rc6 Qa8 22. a3 h6 23. b4 Be5 24. b5 g5 25. Ra6 Rd5 26. Rb1 Kg7 27. h3 Rd3 28. Qe4 Rd5 29. Qc4 c5 30. b6 Rxb6 31. Raxb6 Qxa7 32. Rb7 Qxa3 33. Qe2 Qd3 34. Qxd3 Rxd3 35. Bxc5 Rc3 36. Be3 Kg6 37. R7b3 Rc2 38. Rb6 Rc4 39. R6b5 Bd6 40. g3 Rc3 41. R5b3 Rc4 42. Rd1 Bf8 43. Kg2 f5 44. Kf1 Bg7 {[%eval 482,46] [%wdl 1000,0,0]}) 20... Re8 (20... Rd5 {ist etwas besser}) 21. Qa4 Bd6 22. Rd1 Qa8 23. Be3 Rb4 24. Qc6 Qxc6 25. Rxc6 Rb5 26. Ra6 $6 {Weiss verpasst es, mit 26.Lb6 kurzen Prozess zu machen. Auch in der Folge gibt es für Weiss oftmals bessere Züge, ohne jedoch den Vorteil aus der Hand zu geben.} Ra8 27. g3 Kf8 28. Kg2 Ke7 29. f4 Rd5 30. Rd4 Rb5 31. Kf3 f6 32. Rd3 Rh5 33. Rd2 Rb5 34. Ke4 e5 35. fxe5 {Unlogisch, dem Gegner mehr Aktivität zu geben. Natürlich war 35.f5 stärker.} Rxe5+ 36. Kd3 Rb5 37. Bd4 c5 $2 {Das verschlimmert einzig die schwarze Stellung, wird doch nun auch noch der c5-Bauer leicht angreifbar.} 38. Be3 Be5 39. Kc4 Rb4+ 40. Kxc5 {Der Bauer ist gefallen. Der traurige Rest für Schwarz bedarf keiner Kommentare mehr.} Re4 41. Rd3 Bb2 42. b4 Re5+ 43. Kc6 Kf7 44. Rd7+ Kg8 45. Bc5 Re6+ 46. Kb7 Ree8 47. b5 Be5 48. Bd6 g6 49. Re7 Red8 50. Bxe5 fxe5 51. Rae6 Rdc8 52. Rxe5 Rf8 53. b6 h6 54. Ka6 Rad8 {***AUFGEGEBEN***} 1-0